000 00645nam a2200253Ia 4500
005 20250425162138.0
008 250425s9999 xx 000 0 und d
020 _a9972649253
041 _aspa
043 _aec
082 _a658.4
100 _aCORPORACION, ANDINA DE FOMENTO
245 0 _aCONSTRUYENDO EL DORADO: LECCIONES DEL PROGRAMA ANDINO DE COMPETITIVIDAD
250 _a1A ED.
260 _aEcuador
_bS.E.
_c2003
260 _aS.L.
300 _a93
650 _aCOMPETITIVIDAD
650 _aPAISES ANDINOS
650 _aPOLITICA ECONOMICA
710 _aCORPORACION ANDINA DE FOMENTO
942 _c01
010 _a52847
999 _c223241
_d223241